MARC

Tag First Indicator Second Indicator Subfields
LEADER 00000cam a22000004a 4500
001 in00003385946
006 m o d
007 cr |||||||nn|n
008 120127s2012 si o d eng d
005 20260608205148.1
010 |z  2012330010 
020 |a 9789814311649 
020 |z 9789814311632 (pbk.) 
035 |a (MdBmJHUP)muse9789814311649 
040 |a MdBmJHUP  |c MdBmJHUP  |d UtOrBLW 
043 |a a------  |a p------ 
050 0 0 |a HC412  |b .Y3258 2012 
100 1 |a Yamazawa, Ippei,  |d 1937- 
245 1 0 |a APEC :  |b new agenda in its third decade /  |c Ippei Yamazawa. 
264 1 |a Singapore :  |b Institute of Southeast Asian Studies,  |c 2012. 
300 |a 1 online resource (xv, 140 pages :) :  |b illustrations 
336 |a text  |b txt  |2 rdacontent 
337 |a computer  |b c  |2 rdamedia 
338 |a online resource  |b cr  |2 rdacarrier 
504 |a Includes bibliographical references (pages [131]-135) and index. 
588 |a Description based on print version record. 
500 |a Electronic resource. 
610 2 0 |a Asia Pacific Economic Cooperation (Organization) 
651 0 |a Pacific Area  |x Economic integration. 
651 0 |a Asia  |x Economic integration. 
650 0 |a Pacific Area cooperation. 
650 0 |a Asian cooperation. 
655 7 |a Electronic books.  |2 local 
856 4 0 |u http://proxy.library.tamu.edu/login?url=https://muse.jhu.edu/books/9789814311649/  |z Connect to the full text of this electronic book  |t 0 
999 |a MARS 
999 f f |s b7d716a6-4dd1-33ea-88b7-7c3f2f045cef  |i 92885fc0-ca30-39d5-87d6-90abcbf8ee6e  |t 0 
952 f f |a Texas A&M University  |b College Station  |c Electronic Resources  |s www_evans  |d Available Online  |t 0  |e HC412 .Y3258 2012  |h Library of Congress classification 
998 f f |a HC412 .Y3258 2012  |t 0  |l Available Online